Supplement to the divine office for the Society of Jesus / (Record no. 129203)
[ view plain ]
| 000 -LEADER | |
|---|---|
| fixed length control field | 01059cam a2200289 a 4500 |
| 001 - CONTROL NUMBER | |
| control field | 12938197 |
| 003 - CONTROL NUMBER IDENTIFIER | |
| control field | ARRUPE |
| 005 - DATE AND TIME OF LATEST TRANSACTION | |
| control field | 20190314093018.0 |
| 008 - FIXED-LENGTH DATA ELEMENTS--GENERAL INFORMATION | |
| fixed length control field | 020920s2002 mou 000 0 eng |
| 010 ## - LIBRARY OF CONGRESS CONTROL NUMBER | |
| LC control number | 2002113419 |
| 020 ## - INTERNATIONAL STANDARD BOOK NUMBER | |
| International Standard Book Number | 1880810484 |
| 035 ## - SYSTEM CONTROL NUMBER | |
| System control number | (DLC) 2002113419 |
| 040 ## - CATALOGING SOURCE | |
| Original cataloging agency | DLC |
| Transcribing agency | DLC |
| 050 00 - LIBRARY OF CONGRESS CALL NUMBER | |
| Classification number | BX3703.S959 |
| 300 ## - PHYSICAL DESCRIPTION | |
| Dimensions | 18 cm. |
| 110 2# - MAIN ENTRY--CORPORATE NAME | |
| Corporate name or jurisdiction name as entry element | Jesuits. |
| 9 (RLIN) | 8693 |
| 245 10 - TITLE STATEMENT | |
| Title | Supplement to the divine office for the Society of Jesus / |
| Statement of responsibility, etc | [edited by Martin D. O'Keefe]. |
| 250 ## - EDITION STATEMENT | |
| Edition statement | Rev. and expanded ed. |
| 260 ## - PUBLICATION, DISTRIBUTION, ETC. (IMPRINT) | |
| Place of publication, distribution, etc | Saint Louis, MO : |
| Name of publisher, distributor, etc | Institute of Jesuit Sources, |
| Date of publication, distribution, etc | c2002. |
| 300 ## - PHYSICAL DESCRIPTION | |
| Extent | xi, 171 p. ; |
| 440 #0 - SERIES STATEMENT/ADDED ENTRY--TITLE | |
| Title | Series V-- prayer ; |
| Volume number/sequential designation | no. 5 |
| 9 (RLIN) | 45219 |
| 610 20 - SUBJECT ADDED ENTRY--CORPORATE NAME | |
| Corporate name or jurisdiction name as entry element | Jesuits |
| General subdivision | Breviary |
| 9 (RLIN) | 45220 |
| 700 1# - ADDED ENTRY--PERSONAL NAME | |
| Personal name | O'Keefe, Martin D. |
| 9 (RLIN) | 45221 |
| 710 2# - ADDED ENTRY--CORPORATE NAME | |
| Corporate name or jurisdiction name as entry element | Catholic Church. |
| Title of a work | Liturgia horarum. |
| 9 (RLIN) | 45222 |
| 906 ## - LOCAL DATA ELEMENT F, LDF (RLIN) | |
| a | 7 |
| b | cbc |
| c | orignew |
| d | 2 |
| e | epcn |
| f | 20 |
| g | y-gencatlg |
| 942 ## - ADDED ENTRY ELEMENTS (KOHA) | |
| Source of classification or shelving scheme | Library of Congress Classification |
| Koha item type | Monograph ( Printed materials) |
| Withdrawn status | Lost status | Source of classification or shelving scheme | Damaged status | Not for loan | Collection code | Home library | Current library | Shelving location | Date acquired | Total Checkouts | Full call number | Barcode | Date last seen | Price effective from | Koha item type |
|---|---|---|---|---|---|---|---|---|---|---|---|---|---|---|---|
| Library of Congress Classification | Main Collection | ARRUPE LIBRARY | ARRUPE LIBRARY | Main Collection | 14/03/2019 | BX3703.S959 | 46600004213 | 14/03/2019 | 14/03/2019 | Monograph ( Printed materials) |